Taylor gazdálkodás- és szervezéstudományi folyóirat - (2019) 3. szám

Elmentve itt :
Bibliográfiai részletek
További közreműködők: Keczer Gabriella
Dokumentumtípus: Folyóirat
Megjelent: 2019
Sorozat:Taylor : gazdálkodás- és szervezéstudományi folyóirat 11 No. 3
Kulcsszavak:Gazdaságtudomány - tanulmányok, Vezetéstudomány - tanulmányok, Szervezéstudomány - tanulmányok
Online Access:http://acta.bibl.u-szeged.hu/69822
LEADER 00755nas a2200193 i 4500
001 acta69822
005 20210916153418.0
008 200727s2019 hu o 0|| hun d
022 |a 2064-4361 
040 |a SZTE Egyetemi Kiadványok Repozitórium  |b hun 
041 |a hun 
041 |a eng 
245 0 0 |a Taylor   |h [elektronikus dokumentum] :  |b gazdálkodás- és szervezéstudományi folyóirat - (2019) 3. szám 
260 |c 2019 
300 |a 134 
490 0 |a Taylor : gazdálkodás- és szervezéstudományi folyóirat  |v 11 No. 3 
695 |a Gazdaságtudomány - tanulmányok, Vezetéstudomány - tanulmányok, Szervezéstudomány - tanulmányok 
700 0 1 |a Keczer Gabriella 
856 4 0 |u http://acta.bibl.u-szeged.hu/69822/1/taylor_2019_003.pdf  |z Dokumentum-elérés